Japan A-Z - Statistiken

Allgemein
  • Dieses Quiz wurde 345 mal gespielt
  • Das Durchschnittsergebnis liegt bei 15 aus 26
Antwortstatistiken
Hinweis Antwort % Korrekt
T Hauptstadt Tokio
96%
A Japanischer Zeichentrick Anime
92%
F Größter Berg Fuji
92%
M Japanische Comics Manga
92%
O Zweitgrößte Metropolregion Drittgrößte Stadt Osaka
85%
J Japanische Kampfkunst Ju-Jutsu | Judo | Jiu Jitsu
82%
C Rivale China
75%
S Beliebte Sportart Sumo-Ringen
72%
G Filmmonster Godzilla
70%
R Seit 1991 liegt Japan mit diesem Land über die Kurilen im Streit Russland
69%
Y "Japanische Mafia" Yakuza
67%
H Größte Insel Honshu
64%
E Alter Name von #T Edo
62%
N Spione und Attentäter des alten Japans Ninja
60%
Z Strömung des Buddhismus Zen
58%
K Japanische Schrift Kanji | Kana
57%
W Kunstwerk (siehe Titelbild): Die große _____ vor Kanagawa Welle
56%
U Geschmack "fleischig", "würzig" oder "wohlschmeckend" Umami
55%
I Japanisch für "Nummer 1" Ichiban
48%
Q Die heimische Affenart der Japanmakaken ist bekannt für ihre Nutzung dieses Naturphänomens Thermal{quellen}
45%
D Dankesehr {Domo} Arigato
44%
B Historisch bedeutendes Zielland japanischer Auswanderer Brasilien
32%
X Japan ist der fünftgrößte Emittent dieses Treibhausgases Enthält ein X Kurzform funktioniert auch Kohlenstoffdioxid
32%
P Senkrechtes Arcadespiel/ Geldspielautomat Pachinko
19%
L Regierunspartei seit 1955 (mit zwei kurzen Unterbrechungen) Gesucht ist die Deutsche Bezeichnung (jap. Jiyūminshutō) {Liberaldemokratische} Partei
11%
V Zeichentrickserie aus den Achtzigern über einen gleichnamigen Riesenroboter Voltron
3%
Keine übereinstimmenden Quizze gefunden
Verteilung der Resultate
Anzahl Personen mit jedem Resultat
Perzentil nach korrekt beantworteten Fragen
Ihre Resultats-Entwicklung
Sie haben dieses Quiz noch nicht gespielt